000 01233cad a22002175a 4500
001 L146374
008 090113s2008 xxkad f s 000 0 eng d
035 _a(Sirsi) u146374
041 0 _aeng
050 0 4 _a332.33 $2 18
245 0 4 _aThe RREEF Property Cycle Monitor
_bUS November 2008
_h[electronic resource]
260 _aLondon
_bRREEF
_c2008
490 0 4 _aThe RREEF Property Cycle Monitor
_vUS November 2008
520 _aConsiders the outlook for the US property markets. Forecasts property fundamentals for all sectors will weaken through 2009 and 2010, especially in the retail and office sectors. Expects the industrial sector to weather the downturn relatively well, despite rising vacancy rates. Suggests that the apartment sector is the outperformer of the property market. Forecasts rising vacancy rates and minimal rent growth.
590 _aKA
651 4 _aUnited States
_y1959-
690 _aPROPERTY-COMMERCIAL PROPERTY-COMMERCIAL PROPERTY MARKET
690 _aPROPERTY-COMMERCIAL PROPERTY-COMMERCIAL PROPERTY FINANCE AND INVESTMENT
856 4 0 _uhttps://www.irei.com/uploads/marketresearch/126/marketResearchFile/Property_Cycle_Monitor.pdf
_zView the report free of charge at www.irei.com....
942 _n0
999 _c109144
_d109144